000 00980cab a2200205 4500
001 L135862
008 061213n2006 000 0 eng u
035 _a(Sirsi) u135862
041 0 _aeng
110 1 _aRoyal Institution of Chartered Surveyors
_94900
245 0 0 _aRICS approved to regulate home inspectors
260 _aLondon
_bRICS
_c2006
520 _aReports on the decision by the Department for Communities and Local Government to approve RICS as the regulator for those wishing to act as inspectors producing home condition reports as part of the government's proposed Home Information Packs (HIPs).
590 _aKA
650 2 4 _aHOME INFORMATION PACKS
650 2 4 _aHOUSING ACT 2004 PART V
690 _aPROPERTY-RESIDENTIAL PROPERTY-RESIDENTIAL PROPERTY APPRAISAL AND VALUATION
856 4 0 _uhttps://www.thepartnershiplimited.com/Documents/RICS%20Certification%20Scheme.pdf
_zView the information free of charge at www.thepartnershiplimited.com.
942 _n0
999 _c78046
_d78046